00586nam a2200145 a 450000100100000000500170001000800410002704000250006808200140009324500650010726001110017230000280028395201120031199900170042300003714320200930080152.0120217s1966 mx ac 000 0 spa d aDO-SdBNPbspacBNPHU axxxxbE5603aEl encalado de los suelos :bauxiliar para el mejor cultivo. aMéxico :bCentro Regional de Ayuda Técnica :bAgencia Para el Desarrollo Internacional (A.I.D),c1966. a33 p. :bils. ;c24 cm. 001050718MOaGRbGRcCTd2012-02-17iLF1l0oxxxx E56p37143-10r2020-06-25w2020-06-25y1ZNo se presta c36633d36633